| 000 | 00881 a2200241 4500 | ||
|---|---|---|---|
| 005 | 20251224111511.0 | ||
| 008 | 251224b |||||||| |||| 00| 0 eng d | ||
| 020 | _a9789349761667 (hbk) | ||
| 037 | _cTB | ||
| 040 |
_aCRL _cCRL |
||
| 041 |
_2pun _apun |
||
| 084 |
_aO153:g(X:3M24) R5 _qCRL |
||
| 100 |
_a ਸਿੰਘ, ਕਿਸ਼ਨ _9847645 |
||
| 245 | _aਕਲਚਰਲ ਇਨਕਲਾਬ | ||
| 246 | _aCultural Inqlab / Kishan Singh, | ||
| 260 |
_aLudhiana, India: _b ਪੰਜਾਬੀ ਸਾਹਿਤ ਅਕੈਡਮੀ, _c2025. |
||
| 300 | _a264p. | ||
| 365 |
_b400.00 _cINR |
||
| 650 | _2ਪੰਜਾਬੀ ਸਾਹਿਤ | ||
| 650 | _2ਪੰਜਾਬੀ ਆਲੋਚਨਾ | ||
| 942 |
_cTB _2CC _n0 _hO153:g(X:3M24) R5 |
||
| 999 |
_c1464622 _d1464622 |
||